000 00407pab a2200157 454500
008 180718b2009 xxu||||| |||| 00| 0 eng d
100 _aCase, William
245 _aAfter the crisis: capital and regime resilience in the ASEAN three
260 _c2009
300 _ap.649-72.
362 _aNov
650 _aEconomic recession
773 _aJournal of Contemporary Asia
908 _aN
909 _a84127
999 _c84127
_d84127